| 000 | 00839nam0a22002651 4500 | ||
|---|---|---|---|
| 001 | rc\4517340 | ||
| 005 | 20130416180142.8 | ||
| 021 |
_aRU _b[58-37755] |
||
| 035 | _a(NLR Aleph) 008622983 | ||
| 090 |
_a8834946 _c8834946 |
||
| 100 | _a20130416d1958 |||y0rusy50 ca | ||
| 101 | 0 | _arus | |
| 102 | _aRU | ||
| 105 | _ay z ||||| | ||
| 200 | 1 |
_aПенсии по кооперативному страхованию _eПостатейный комментарий |
|
| 210 |
_aМосква _cКОИЗ _d1958 |
||
| 215 |
_a159 с. _d22 |
||
| 606 |
_aПенсии и пособия _2psbo |
||
| 700 | 1 |
_aКац _bР. Р. _gРоман Рафаилович |
|
| 701 | 1 |
_aАчаркан _bВ. А. _gВиктор Адольфович |
|
| 801 | 0 |
_aRU _bNLR _gpsbo |
|
| 801 | 1 |
_aRU _bELAR _2rusmarc |
|
| 852 |
_aNLR _j58-5/2762 |
||
| 942 | _cBOOK | ||
| 980 | _aNB | ||